| 000 | 00766nam a2200193 a 4500 | ||
|---|---|---|---|
| 008 | 100906s1980 ||||||||||||||||| || u | ||
| 020 | _a0850921791 | ||
| 050 | _aCOMM(02) | ||
| 110 | _aCommonwealth Secretariat | ||
| 245 | 1 | 0 | _aRural technology in the Commonwealth: a directory of organisations. (2nd ed.) |
| 250 | _a2nd ed. | ||
| 260 |
_aLondon: _bFood Production and Rural Development Division, Commonwealth Secretariat _c1980 |
||
| 300 | _aiii, 128p. | ||
| 350 | _a0.00 | ||
| 500 | _aCompiled by Bruce Mackay | ||
| 650 | _aAPPROPRIATE TECHNOLOGY--DIRECTORIES | ||
| 650 | 7 |
_aTECHNOLOGY _2fast |
|
| 995 |
_D0.00 _FCBU-MAIN LIBRARY (Kitwe) _H1 _I0.00 _M1 _UAVAILABLE _WSep 6, 2010 _ZInternational Publications |
||
| 999 |
_c56845 _d56845 |
||